000 00677nam a2200229 4500
003 OSt
005 20240622030818.0
006 a
008 240622b |||||||| |||| 00| 0 eng d
020 _a0071210792
040 _aDWCL-Main lib.
_cOC
082 _aCirc. 629.2872 C952a 2004
100 _aCrouse, William H.
245 _aAutomotive mechanics /
260 _aN.Y. :
_bGlencoe,
_cc2004
300 _axi,
_b820 p. : ill. ;
_c26 cm.
504 _aIncludes index.
650 _a1. Automobiles.
650 _a2. Automobiles-Maintenance and repair.
650 _a3. Automobiles-Maintenance and repair-Examinations, questions, etc.
942 _2ddc
_n0
_cBK-CIRC
_kCirc.
999 _c1140
_d1140